10 Najbardziej zanieczyszczonych krajów na świecie - Statystyki

Ogólne statystyki
  • Ten quiz został rozwiązany 69 razy
  • Średni wynik to 3 z 10
Statystyki odpowiedzi
Miejsce Państwo % Poprawnych
9. Indie
88%
4. Bangladesz
52%
3. Egipt
38%
1. Arabia Saudyjska
31%
7. Zjednoczone Emiraty Arabskie
28%
2. Katar
27%
8. Nepal
27%
5. Kuwejt
25%
10. Libia
23%
6. Kamerun
3%
Nie znaleziono quizów pasujących do podanych kryteriów
Rozkład punktacji
Procent ludzi z każdym wynikiem
Percentyl według liczby udzielonych odpowiedzi
Twoja historia wyników
Nie rozwiązałeś tego quizu